Rapid prototyping of biomaterials: Principles and applications

Dades bibliogràfiques
Altres autors: Narayan R. Roger (редактор)
Sumari:Заглавие с титульного экрана
Режим доступа: из корпоративной сети ТПУ
Idioma:anglès
Publicat: Oxford, Woodhead Publishing Limited, 2014
Matèries:
Accés en línia:http://www.lib.tpu.ru/fulltext2/m/2016/science_book/Rapid%20Prototyping%20of%20Biomaterials_2014.pdf
Format: MixedMaterials Electrònic Llibre
KOHA link:https://koha.lib.tpu.ru/cgi-bin/koha/opac-detail.pl?biblionumber=317540

MARC

LEADER 00000nlm0a2200000 4500
001 317540
005 20231102003003.0
035 |a (RuTPU)RU\TPU\book\343008 
035 |a RU\TPU\book\343002 
090 |a 317540 
100 |a 20160411d2014 k y0engy50 ba 
101 0 |a eng 
102 |a GB 
105 |a a z 001zy 
135 |a drcn ---uucaa 
200 1 |a Rapid prototyping of biomaterials  |b Electronic resource  |e Principles and applications  |f ed. R. Narayan 
203 |a Text  |c electronic 
210 |a Oxford  |c Woodhead Publishing Limited  |d 2014 
230 |a 1 компьютерный файл (pdf; 22 Mb) 
300 |a Заглавие с титульного экрана 
333 |a Режим доступа: из корпоративной сети ТПУ 
337 |a Adobe Reader 
606 1 |a Медицинское материаловедение  |2 stltpush  |3 (RuTPU)RU\TPU\subj\58939  |9 76620 
610 1 |a электронный ресурс 
610 1 |a быстрое изготовление 
610 1 |a опытные образцы 
610 1 |a биоматериалы 
610 1 |a прототипирование 
610 1 |a трехмерные объекты 
610 1 |a имплантанты 
610 1 |a протезы 
675 |a 615.4  |v 4 
702 1 |a Narayan  |b R.  |g Roger  |4 340 
801 1 |a RU  |b 63413507  |c 20131216 
801 2 |a RU  |b 63413507  |c 20190207  |g RCR 
856 4 |u http://www.lib.tpu.ru/fulltext2/m/2016/science_book/Rapid%20Prototyping%20of%20Biomaterials_2014.pdf 
942 |c CF